Raul Ventura cosmonauta (Registo nº 4219)

Detalhes MARC
000 -Etiqueta do registo
Cabeçalho 00723nam0a2200241 4500
005 - Identificador da versão
Campo de controlo 20240813122055.0
010 ## - Número internacional normalizado dos livros (ISBN)
Número (ISBN) 9727122418
021 ## - Número do Depósito Legal
Código do país PT
Número 170948/01
100 ## - Dados gerais de processamento
Dados gerais de processamento 20170303d2001 c y0pory5003 ba
102 ## - Pais de publicação ou produção
País de publicação Portugal
101 1# - Língua de publicação
Língua do texto, banda sonora, etc. Português
Língua do documento no original Francês
215 ## - Descrição física 
Indicação específica da natureza do documento e extensão da espécie [20] p., [2] f. desdobr.
Outras indicações físicas il. color
200 1# - Titulo e menção de responsabilidade
Título próprio Raul Ventura cosmonauta
Primeira menção de responsabilidade Gérard Moncomble, Frédéric Pillot
210 ## - Publicação, Distribuição, etc. 
Lugar da edição, distribuição, etc. Maia
Nome do editor, distribuidor, etc. Nova Gaia
Data da publicação, distribuição, etc. cop. 2001
606 ## - Nome comum usado como assunto
Número de registo de entrada de autoridade 0001419
Palavra de ordem Literatura francesa
Subdivisão de assunto Conto
Código do sistema CA
675 ## - Classificação Decimal Universal (CDU)
Notação 821.133.1-34
Edição 3ª ed.
Língua da edição por
701 #1 - Nome de autor-pessoa física (co-responsabilidade principal)
Palavra de ordem Pillot
Outra parte do nome não tomada para palavra de ordem Frédéric
Elementos de identificação ou distinção e outro
Código de função Autor / Co-autor
700 #1 - Nome de autor-pessoa física (responsabilidade principal)
Número de registo de entrada de autoridade 0001725
Palavra de ordem Moncomble
Outra parte do nome não tomada para palavra de ordem Gérard
Elementos de identificação ou distinção e outro
966 ## - Identificação da Biblioteca
Sigla EBVEN
942 ## - Elementos de entrada adicionados (Koha)
Tipo de item no Koha Livro
Exemplares
Situação do levantamento Origin of item (home branch) (coded) Biblioteca de empréstimo Código de barras Cota Circulation type (not for loan) Tipo de documento Nota do exemplar Damaged status
  Biblioteca Escolar das Vendas Biblioteca Escolar das Vendas BEV914 8EST MON   Livro Sem mensagem